Most Points For Each Day Of The 2020-21 NBA Regular Season - Statistics

General Stats
  • This quiz has been taken 28 times
  • The average score is 30 of 52
Answer Stats
Team Player Days Led % Correct
Golden State Warriors Stephen Curry 16
100%
Houston Rockets, Brooklyn Nets James Harden 5
93%
Brooklyn Nets Kevin Durant 1
93%
Los Angeles Lakers LeBron James 3
93%
Memphis Grizzlies Ja Morant 1
89%
Philadelphia 76ers Joel Embiid 5
89%
Brooklyn Nets Kyrie Irving 6
89%
Los Angeles Clippers Paul George 3
89%
Los Angeles Lakers Anthony Davis 1
86%
Portland Trail Blazers Damian Lillard 14
86%
Phoenix Suns Devin Booker 5
86%
Boston Celtics Jayson Tatum 3
86%
Dallas Mavericks Luka Dončić 5
86%
Denver Nuggets Nikola Jokić 5
86%
Sacramento Kings De'Aaron Fox 5
79%
Milwaukee Bucks Giannis Antetokounmpo 6
79%
Denver Nuggets Jamal Murray 2
79%
Minnesota Timberwolves Anthony Edwards 1
75%
San Antonio Spurs DeMar DeRozan 2
75%
Boston Celtics Jaylen Brown 4
75%
Atlanta Hawks Trae Young 3
75%
Minnesota Timberwolves Karl-Anthony Towns 2
71%
Oklahoma City Thunder Shai Gilgeous-Alexander 1
71%
Utah Jazz Donovan Mitchell 3
68%
Washington Wizards Russell Westbrook 3
68%
Chicago Bulls Zach LaVine 5
68%
Washington Wizards Bradley Beal 9
64%
New York Knicks Julius Randle 5
64%
New Orleans Pelicans Zion Williamson 4
64%
Golden State Warriors Jordan Poole 1
57%
Portland Trail Blazers CJ McCollum 1
54%
Philadelphia 76ers Tyrese Maxey 1
54%
Miami Heat Bam Adebayo 1
50%
Boston Celtics Kemba Walker 1
50%
San Antonio Spurs Lonnie Walker IV 1
46%
Houston Rockets Kevin Porter Jr. 1
43%
Denver Nuggets Michael Porter Jr. 1
43%
Toronto Raptors Fred VanVleet 1
39%
Charlotte Hornets Gordon Hayward 2
32%
Cleveland Cavaliers Collin Sexton 2
29%
Orlando Magic Nikola Vučević 2
29%
Utah Jazz Bojan Bogdanovic 1
21%
Detroit Pistons Jerami Grant 1
21%
Utah Jazz Jordan Clarkson 1
21%
Charlotte Hornets Terry Rozier 2
21%
Brooklyn Nets Caris LeVert 1
14%
Toronto Raptors Gary Trent Jr. 1
14%
Oklahoma City Thunder Luguentz Dort 1
14%
Golden State Warriors Kelly Oubre Jr. 1
11%
Toronto Raptors Chris Boucher 1
7%
Toronto Raptors Norman Powell 1
4%
Washington Wizards Rui Hachimura 1
4%
No matching quizzes found
Score Distribution
Percent of People with Each Score
Percentile by Number Answered
Your Score History
You have not taken this quiz